Statistiken für Länder, die mit N enden

Klicken Sie hier um das Quiz zu spielen!

Allgemein

  • Dieses Quiz wurde 146 mal gespielt
  • Das Durchschnittsergebnis liegt bei 49 aus 65

Antwortstatistiken

Land% Korrekt
Brasilien
93%
Spanien
93%
Italien
92%
Belgien
90%
Indien
90%
Afghanistan
89%
Australien
89%
Slowenien
89%
Schweden
88%
Argentinien
87%
Ägypten
86%
Norwegen
86%
Bulgarien
84%
Jemen
84%
Ungarn
84%
Albanien
82%
Japan
82%
Kasachstan
82%
Kolumbien
82%
Tadschikistan
82%
Usbekistan
82%
Indonesien
81%
Iran
81%
Kroatien
81%
Polen
81%
Rumänien
81%
Turkmenistan
81%
Zypern
81%
Algerien
80%
Oman
80%
Saudi-Arabien
80%
Sudan
80%
Pakistan
78%
Serbien
78%
Tschechien
78%
Armenien
77%
Südsudan
77%
Bolivien
76%
Tunesien
76%
Jordanien
75%
Litauen
75%
Liechtenstein
73%
Nordmazedonien
73%
Syrien
73%
Aserbaidschan
72%
Benin
72%
Libyen
72%
Mauretanien
72%
Äthiopien
71%
Georgien
70%
Kirgistan
69%
Malediven
69%
Bhutan
67%
Bahrain
65%
Kamerun
63%
Komoren
63%
Seychellen
63%
Philippinen
61%
Salomonen
60%
Mikronesien
59%
Libanon
57%
Gabun
53%
Marshallinseln
52%
St. Vincent und die Grenadinen
48%
Vereinigte Staaten
40%

Verteilung der Resultate

Perzentil nach korrekt beantworteten Fragen

Anzahl Personen mit jedem Resultat

Ihre Resultats-Entwicklung

Sie haben dieses Quiz noch nicht gespielt